[Event "Troya op 26th"]
[Site "Canakkale"]
[Date "2018.08.07"]
[Round "2"]
[White "Tasan, Mehmet Askin"]
[Black "Abdulla, Khayala Mardan Qizi"]
[Result "0-1"]
[WhiteElo "1869"]
[BlackElo "2245"]
[PlyCount "102"]
[EventDate "2018.08.06"]
[EventType "swiss"]
[EventRounds "9"]
[EventCountry "TUR"]
[SourceTitle "CBM 185 Extra"]
[Source "ChessBase"]
[SourceDate "2018.07.29"]
[SourceVersion "1"]
[SourceVersionDate "2018.07.29"]
[SourceQuality "1"]

1. e4 c5 2. Nf3 e6 3. d4 cxd4 4. Nxd4 a6 5. c4 Nf6 6. Nc3 Qc7 7. a3 b6 8. Bd3 Bb7 9. 0-0 Be7 10. Re1 d6 11. Bg5 Nbd7 12. Bf1 0-0 13. Rc1 Rfe8 14. f3 Rac8 15. Be3 Qb8 16. b4 Bd8 17. Qb3 Bc7 18. g3 h5 19. Bf2 h4 20. Bh3 hxg3 21. hxg3 d5 22. cxd5 exd5 23. Bxd7 Nxd7 24. Kg2 dxe4 25. Nxe4 Bxe4 26. fxe4 Ne5 27. Rh1 Bd8 28. Nf5 Rxc1 29. Rxc1 Ng4 30. Qf3 Nxf2 31. Kxf2 Qe5 32. Qc3 Qxc3 33. Rxc3 Rxe4 34. Rc8 Re8 35. Nd6 Rf8 36. Rc6 f5 37. Nc4 b5 38. Ne3 f4 39. gxf4 Rxf4+ 40. Ke2 Rf6 41. Rc8 Rf8 42. Nd5 Kf7 43. Rc6 Re8+ 44. Kf3 Re6 45. Rc8 Bf6 46. Ra8 Rd6 47. Nc7 Rc6 48. Nxa6 Rc3+ 49. Ke4 Rxa3 50. Kd5 g5 51. Kc5 g4 0-1

[Event "Troya op 25th"]
[Site "Canakkale"]
[Date "2017.08.11"]
[Round "7"]
[White "Guseynov, Alihan"]
[Black "Tasan, Mehmet Askin"]
[Result "1-0"]
[WhiteElo "2399"]
[BlackElo "1957"]
[PlyCount "39"]
[EventDate "2017.08.07"]
[EventType "swiss"]
[EventRounds "9"]
[EventCountry "TUR"]
[SourceTitle "CBM 179 Extra"]
[Source "ChessBase"]
[SourceDate "2017.08.23"]
[SourceVersion "1"]
[SourceVersionDate "2017.08.23"]
[SourceQuality "1"]

1. c4 Nf6 2. Nf3 c5 3. d4 cxd4 4. Nxd4 Nc6 5. Nc3 g6 6. g3 Bg7 7. Bg2 0-0 8. 0-0 a6 9. c5 Nxd4 10. Qxd4 Ne8 11. Qh4 Bf6 12. Bg5 Bxg5 13. Qxg5 d6 14. Rfd1 Kg7 15. Nd5 f6 16. Qe3 dxc5 17. Nxe7 Qb6 18. Nxc8 Rxc8 19. Rd7+ Rf7 20. Rad1 1-0

[Event "Ankara Baskent Univ op 2nd"]
[Site "Ankara"]
[Date "2017.??.??"]
[Round "9"]
[White "Aliyev, Elnur Fakhraddin Og"]
[Black "Tasan, Mehmet Askin"]
[Result "1-0"]
[WhiteElo "2110"]
[BlackElo "1926"]
[PlyCount "127"]
[EventDate "2017.06.30"]
[EventType "swiss"]
[EventRounds "9"]
[EventCountry "TUR"]
[SourceTitle "CBM 179 Extra"]
[Source "ChessBase"]
[SourceDate "2017.08.23"]
[SourceVersion "1"]
[SourceVersionDate "2017.08.23"]
[SourceQuality "1"]

1. d4 Nf6 2. Bf4 e6 3. e3 d5 4. Nd2 c5 5. Ngf3 Nc6 6. c3 Be7 7. Bd3 Nh5 8. Be5 f6 9. g4 fxe5 10. dxe5 Nf6 11. exf6 Bxf6 12. Qc2 e5 13. g5 Bxg5 14. Bxh7 Bf6 15. 0-0-0 Be6 16. h4 Qe7 17. Bg6+ Bf7 18. Qf5 Bxg6 19. Qxg6+ Qf7 20. Qg4 Rd8 21. Ng5 Qd7 22. Qg2 Qe7 23. f4 Rh6 24. f5 e4 25. Ne6 Rd7 26. Rdg1 Ne5 27. Qh2 Nd3+ 28. Kb1 Be5 29. Qe2 c4 30. Nd4 Rdd6 31. Rg6 Rxh4 32. Rhg1 Rh2 33. R6g2 Rdh6 34. Nf1 Rh1 35. Qg4 R1h4 36. Qd1 a6 37. Ne6 Rxe6 38. fxe6 Qxe6 39. Ng3 Qf7 40. Qa4+ Qd7 41. Qxd7+ Kxd7 42. Nf5 Rh3 43. Re2 Rh7 44. Reg2 Rh3 45. Re2 Rh7 46. Nd4 Ke7 47. Kc2 Bf6 48. b3 Ne5 49. Rgg2 b5 50. Rh2 Rxh2 51. Rxh2 Ng4 52. Rh3 Kf7 53. Kd2 Be5 54. Rh8 Bg3 55. Ra8 Bf2 56. Ra7+ Kg8 57. Nf5 Kh8 58. Rxa6 cxb3 59. axb3 Kh7 60. Ke2 g6 61. Ne7 Bxe3 62. Nxd5 Bg1 63. Nf6+ Nxf6 64. Rxf6 1-0

[Event "Kemer Turkey Cup"]
[Site "Kemer"]
[Date "2014.02.06"]
[Round "7"]
[White "Tasan, Mehmet Askin"]
[Black "Buker, Muhittin"]
[Result "0-1"]
[WhiteElo "1948"]
[BlackElo "2068"]
[PlyCount "82"]
[EventDate "2014.02.01"]
[EventType "swiss"]
[EventRounds "9"]
[EventCountry "TUR"]
[SourceTitle "CBM 158 Extra"]
[Source "ChessBase"]
[SourceDate "2014.02.28"]
[SourceVersion "1"]
[SourceVersionDate "2014.02.28"]
[SourceQuality "1"]

1. d4 d5 2. Nf3 Nf6 3. e3 Bg4 4. Be2 e6 5. 0-0 Bd6 6. c4 c6 7. Nbd2 Nbd7 8. Qc2 Qc7 9. Re1 0-0 10. c5 Be7 11. b4 e5 12. dxe5 Nxe5 13. Bb2 Ng6 14. h3 Bxf3 15. Nxf3 Ne4 16. Bd3 f5 17. Nd4 Qd7 18. Rad1 Rae8 19. g3 Bd8 20. Kg2 Bc7 21. Ne2 Qe7 22. f3 Qg5 23. Bxe4 fxe4 24. f4 Nh4+ 25. Kh1 Qh5 26. Ng1 Nf5 27. g4 Ng3+ 28. Kg2 Qh6 29. Qf2 g5 30. Qxg3 gxf4 31. exf4 Bxf4 32. Qc3 Be5 33. Qxe5 Rxe5 34. Bxe5 Qg5 35. Bd4 h5 36. Be3 Qg7 37. Bd4 Qg6 38. Re3 Kh7 39. Rg3 e3 40. Bxe3 Qe4+ 41. Nf3 h4 0-1

[Event "Kemer Turkey Cup"]
[Site "Kemer"]
[Date "2014.02.05"]
[Round "6"]
[White "Ertan, Can"]
[Black "Tasan, Mehmet Askin"]
[Result "0-1"]
[WhiteElo "2276"]
[BlackElo "1948"]
[PlyCount "117"]
[EventDate "2014.02.01"]
[EventType "swiss"]
[EventRounds "9"]
[EventCountry "TUR"]
[SourceTitle "CBM 158 Extra"]
[Source "ChessBase"]
[SourceDate "2014.02.28"]
[SourceVersion "1"]
[SourceVersionDate "2014.02.28"]
[SourceQuality "1"]

1. e4 e6 2. d4 d5 3. Nc3 dxe4 4. Nxe4 Nd7 5. Nf3 Ngf6 6. Nxf6+ Nxf6 7. c3 Be7 8. Bd3 0-0 9. Qe2 b6 10. Bg5 Bb7 11. 0-0-0 Bxf3 12. Qxf3 Qd5 13. Qxd5 Nxd5 14. Bd2 c5 15. c4 Nf6 16. dxc5 Bxc5 17. f3 Rfd8 18. Bc3 Be7 19. Be5 Rac8 20. Kb1 Nd7 21. Bf4 g5 22. Bg3 Kg7 23. Rhe1 h5 24. h3 h4 25. Bh2 Bb4 26. Rf1 Be7 27. Be2 Bf6 28. f4 Nc5 29. fxg5 Bxg5 30. Bf3 f5 31. b3 Bf6 32. Rfe1 Bc3 33. Re3 Rxd1+ 34. Bxd1 Bd4 35. Re1 Kf6 36. Bf3 e5 37. Rd1 Rg8 38. Kc2 Rg7 39. Bf4 Ne6 40. Bh6 Rg6 41. Bc1 e4 42. Bh5 Rxg2+ 43. Kb1 Rg1 44. Rxg1 Bxg1 45. Be8 Bf2 46. Bd7 e3 47. Bb2+ Ke7 48. Bxe6 Kxe6 49. Bd4 Bg3 50. Bxe3 f4 51. Bxb6 axb6 52. Kc2 Be1 53. Kd3 Bb4 54. Ke4 Bd6 55. a3 Kf6 56. c5 Bxc5 57. Kxf4 Bxa3 58. Kg4 Ke5 59. Kxh4 0-1

[Event "TUR-ch"]
[Site "Antalya"]
[Date "2013.02.09"]
[Round "11"]
[White "Tasan, Mehmet Askin"]
[Black "Yildiz, Huseyin Ertugrul"]
[Result "1/2-1/2"]
[WhiteElo "2020"]
[BlackElo "1868"]
[PlyCount "65"]
[EventDate "2013.02.02"]
[EventType "swiss"]
[EventRounds "11"]
[EventCountry "TUR"]
[SourceTitle "CBM 152 Extra"]
[Source "ChessBase"]
[SourceDate "2013.02.25"]
[SourceVersion "1"]
[SourceVersionDate "2013.02.25"]
[SourceQuality "1"]

1. Nf3 d6 2. d4 Nf6 3. g3 g6 4. Bg2 Bg7 5. 0-0 Nbd7 6. c4 0-0 7. Nc3 c6 8. Re1 Re8 9. e4 e5 10. d5 Qc7 11. Bg5 h6 12. Be3 Ng4 13. Qd2 Nxe3 14. Rxe3 h5 15. dxc6 bxc6 16. Rd3 Bf8 17. b4 a5 18. b5 Nc5 19. bxc6 Nxd3 20. Nd5 Qxc6 21. Nf6+ Kg7 22. Nxe8+ Qxe8 23. Qxd3 Qc6 24. Rc1 Qc5 25. Qd5 Qa3 26. Rc2 Ra7 27. Qc6 Bg4 28. Qb6 Re7 29. Ne1 Rd7 30. Bf1 f5 31. h3 Bf3 32. Nxf3 Qxf3 33. Qxa5 1/2-1/2

[Event "TUR-ch"]
[Site "Antalya"]
[Date "2013.02.07"]
[Round "9"]
[White "Tasan, Mehmet Askin"]
[Black "Cil, Hasan Kivanc"]
[Result "1-0"]
[WhiteElo "2020"]
[BlackElo "1717"]
[PlyCount "57"]
[EventDate "2013.02.02"]
[EventType "swiss"]
[EventRounds "11"]
[EventCountry "TUR"]
[SourceTitle "CBM 152 Extra"]
[Source "ChessBase"]
[SourceDate "2013.02.25"]
[SourceVersion "1"]
[SourceVersionDate "2013.02.25"]
[SourceQuality "1"]

1. Nf3 Nf6 2. c4 e6 3. Nc3 d5 4. e3 Nbd7 5. d4 Be7 6. Be2 dxc4 7. Bxc4 a6 8. a4 0-0 9. 0-0 c5 10. Qe2 b6 11. Rd1 Qc7 12. e4 cxd4 13. Nxd4 Ne5 14. Bf4 Bd6 15. Bb3 Re8 16. Ndb5 axb5 17. Nxb5 Ba6 18. Nxc7 Bxe2 19. Rxd6 Nd3 20. Nxa8 Rxa8 21. Be3 b5 22. f3 Nxb2 23. a5 Bc4 24. Bc2 Be2 25. Rd2 Bc4 26. a6 Ne8 27. a7 e5 28. Rd7 Be6 29. Rb7 1-0

[Event "TUR-ch"]
[Site "Antalya"]
[Date "2013.02.05"]
[Round "6"]
[White "Dogan, Oktay"]
[Black "Tasan, Mehmet Askin"]
[Result "0-1"]
[WhiteElo "1685"]
[BlackElo "2020"]
[PlyCount "56"]
[EventDate "2013.02.02"]
[EventType "swiss"]
[EventRounds "11"]
[EventCountry "TUR"]
[SourceTitle "CBM 152 Extra"]
[Source "ChessBase"]
[SourceDate "2013.02.25"]
[SourceVersion "1"]
[SourceVersionDate "2013.02.25"]
[SourceQuality "1"]

1. d4 d5 2. g3 Nf6 3. Bg2 Bf5 4. Nf3 e6 5. a3 Be7 6. 0-0 h6 7. Nc3 Nbd7 8. Bf4 g5 9. Be5 Nxe5 10. Nxe5 Nd7 11. e4 dxe4 12. Nxe4 Nxe5 13. dxe5 Qxd1 14. Raxd1 Rd8 15. c3 0-0 16. Nf6+ Bxf6 17. exf6 b6 18. h4 gxh4 19. gxh4 Bc2 20. Rd4 c5 21. Rg4+ Kh8 22. Kh2 Rd2 23. b4 Bd3 24. Re1 Rxf2 25. bxc5 bxc5 26. Re5 Rg8 27. Rxg8+ Kxg8 28. Kg3 Rxf6 0-1

[Event "TUR-ch"]
[Site "Kemer"]
[Date "2012.01.31"]
[Round "5"]
[White "Dogan, Mire Deniz"]
[Black "Tasan, Mehmet Askin"]
[Result "0-1"]
[WhiteElo "1641"]
[BlackElo "1989"]
[PlyCount "96"]
[EventDate "2012.01.29"]
[EventType "swiss"]
[EventRounds "10"]
[EventCountry "TUR"]
[SourceTitle "CBM 146 Extra"]
[Source "ChessBase"]
[SourceDate "2012.02.29"]
[SourceVersion "1"]
[SourceVersionDate "2012.02.29"]
[SourceQuality "1"]

1. d4 d5 2. c4 c6 3. Nc3 e5 4. cxd5 cxd5 5. e4 dxe4 6. Bb5+ Bd7 7. dxe5 Bb4 8. Bxd7+ Qxd7 9. Bd2 Nc6 10. Nxe4 Bxd2+ 11. Qxd2 Qxd2+ 12. Kxd2 Nxe5 13. Nd6+ Ke7 14. Nf5+ Kf6 15. Ne3 Ne7 16. Ke2 Rhd8 17. Nh3 N7c6 18. Rhd1 Nd4+ 19. Kf1 h5 20. Nf4 Kg5 21. Nh3+ Kg6 22. Nf4+ Kg5 23. Nfd5 Nec6 24. Rac1 Kh6 25. Rc4 Ne6 26. Rdc1 g6 27. f4 Ng7 28. b4 Rd7 29. g4 Ne8 30. gxh5 Kxh5 31. b5 Ne7 32. Nxe7 Rxe7 33. Rc5+ Kh6 34. Re1 Rd7 35. Ng4+ Kg7 36. Rce5 Nf6 37. h3 Rd4 38. Nxf6 Rxf4+ 39. Kg2 Rxf6 40. Re7 a6 41. a4 axb5 42. axb5 Ra2+ 43. Kg3 b6 44. Rc7 Rb2 45. Re5 Rb3+ 46. Kg4 Rff3 47. h4 Kh6 48. Rc6 f5+ 0-1

[Event "Troya op"]
[Site "Canakkale"]
[Date "2010.08.11"]
[Round "5"]
[White "Tasan, Mehmet Askin"]
[Black "Benidze, Davit"]
[Result "0-1"]
[WhiteElo "2091"]
[BlackElo "2508"]
[PlyCount "70"]
[EventDate "2010.08.07"]
[EventType "swiss"]
[EventRounds "9"]
[EventCountry "TUR"]
[SourceTitle "CBM 137 Extra"]
[Source "ChessBase"]
[SourceDate "2010.09.01"]
[SourceVersion "1"]
[SourceVersionDate "2010.09.01"]
[SourceQuality "1"]

1. d4 Nf6 2. c4 c5 3. Nf3 cxd4 4. Nxd4 Nc6 5. Nc3 e6 6. g3 Be7 7. Bg2 0-0 8. 0-0 a6 9. e4 Qc7 10. b3 d6 11. Bb2 Bd7 12. Rc1 Qb8 13. a4 Rd8 14. Re1 Qa7 15. Nce2 Ng4 16. h3 Nxf2 17. Kxf2 e5 18. Kf1 exd4 19. Bxd4 Nxd4 20. Qxd4 Qb8 21. Nf4 Bf6 22. Qf2 Be5 23. Qb6 Qa7 24. Qxa7 Rxa7 25. Kf2 b5 26. axb5 axb5 27. Bf1 bxc4 28. bxc4 g5 29. Nd5 Ra2+ 30. Kf3 h5 31. Ne7+ Kf8 32. Nf5 Rb8 33. Rcd1 Rbb2 34. Re2 Ra3+ 35. Re3 g4+ 0-1

[Event "Saraybahce GP"]
[Site "Kocaeli"]
[Date "2002.08.25"]
[Round "9"]
[White "Tasan, Mehmet Askin"]
[Black "Soylu, Suat"]
[Result "0-1"]
[WhiteElo "2128"]
[BlackElo "2384"]
[PlyCount "76"]
[EventDate "2002.08.17"]
[EventType "swiss"]
[EventRounds "9"]
[EventCountry "TUR"]
[SourceTitle "CBM 089 Extra"]
[Source "ChessBase"]
[SourceDate "2002.09.10"]
[SourceVersion "2"]
[SourceVersionDate "2002.09.10"]
[SourceQuality "1"]

1. Nf3 Nf6 2. g3 d5 3. Bg2 c6 4. 0-0 Bg4 5. d3 e6 6. b3 Nbd7 7. Bb2 Bd6 8. Nbd2 0-0 9. e4 dxe4 10. dxe4 Be5 11. Qc1 Bxb2 12. Qxb2 e5 13. Rad1 Qe7 14. Rfe1 a5 15. Nc4 b5 16. Ne3 Bxf3 17. Bxf3 g6 18. Rd2 Nc5 19. Nf1 Rfd8 20. Qc3 b4 21. Rxd8+ Rxd8 22. Qe3 a4 23. Kg2 Ne6 24. Be2 Nd4 25. Rc1 Nxe2 26. Qxe2 Qc5 27. Re1 a3 28. Qf3 Kg7 29. Ne3 Rd2 30. g4 Qd4 31. Re2 Rxe2 32. Qxe2 Nxe4 33. Nd1 Nf6 34. f3 Nd5 35. Kf1 Qxd1+ 36. Qxd1 Ne3+ 37. Ke2 Nxd1 38. Kxd1 f5 0-1

[Event "Saraybahce GP"]
[Site "Kocaeli"]
[Date "2002.08.18"]
[Round "2"]
[White "Mamedyarov, Shakhriyar"]
[Black "Tasan, Mehmet Askin"]
[Result "1-0"]
[WhiteElo "2542"]
[BlackElo "2128"]
[PlyCount "83"]
[EventDate "2002.08.17"]
[EventType "swiss"]
[EventRounds "9"]
[EventCountry "TUR"]
[SourceTitle "CBM 089 Extra"]
[Source "ChessBase"]
[SourceDate "2002.09.10"]
[SourceVersion "2"]
[SourceVersionDate "2002.09.10"]
[SourceQuality "1"]

1. d4 Nf6 2. Bg5 d6 3. Bxf6 exf6 4. c4 g6 5. Nc3 Bg7 6. g3 0-0 7. Bg2 c6 8. e3 Re8 9. Nge2 Nd7 10. 0-0 f5 11. b4 Nb6 12. c5 Nc4 13. d5 dxc5 14. bxc5 cxd5 15. Bxd5 Na5 16. Rc1 Bd7 17. Nd4 a6 18. Nb3 Nc6 19. Bg2 Rb8 20. Qe2 Ne7 21. Rfd1 Qc7 22. Nd5 Nxd5 23. Bxd5 Bb5 24. Qf3 Red8 25. Nd4 Ba4 26. Bb3 Be8 27. Bd5 Ba4 28. Nb3 Bf8 29. h4 h5 30. e4 Bd7 31. Nd4 Ba4 32. Re1 Qe5 33. Nb3 Kg7 34. Na5 Bb5 35. Nxb7 Rxb7 36. Bxb7 Rd3 37. Qf4 Qd4 38. exf5 Bxc5 39. f6+ Kh7 40. Be4 Bd6 41. Bxg6+ fxg6 42. Rc7+ 1-0